| 000 | 00921nam a2200241Ia 4500 | ||
|---|---|---|---|
| 001 | 17160 | ||
| 003 | GE_BSU | ||
| 008 | 181216s||||||||xx |||||||||||||| ||und|| | ||
| 040 | _cGE_BSU | ||
| 080 | _a82-93:821.161.1 + 821.161.092 | ||
| 100 | _aსმირნოვა, ვ. | ||
| 245 | _aჯადოსნური ხე | ||
| 245 | _bსტატიები გამოჩენილ რუს საბავშვო მწერლებზე | ||
| 245 | _cრედ.თ.ბექიშვილი | ||
| 260 | _aთბილისი | ||
| 260 | _bნაკადული | ||
| 260 | _c1975 | ||
| 300 | _a377გვ. ; 21სმ | ||
| 653 | _aრუსი საბავშვო მწერლები | ||
| 653 | _aსტატიები გამოჩენილ რუს საბავშვო მწერლებზე | ||
| 653 | _aჯადოსნური ხე | ||
| 942 | _cBK | ||
| 999 |
_c50222 _d50222 |
||